000 00460nam a2200169Ia 4500
003 LK-CoDNM
008 010623t2003 xxu||||| |||| 00| 1 sin d
040 _aLK-CoDNM
_dLK-CoDNM
_eLK-CoDNM
041 _asin
080 _aX 32
100 _aWijeysingha,Gamini
245 _a71 කැරැල්ලේ සත් කථාවක්
246 _a71 Karalley Sathya Kathawak
260 _bSampath
_aGanemulla
_c2003
300 _b175p.;21cm cm
942 _cBK
999 _c122471
_d122471